| 000 | 01081nam a2200253 a 4500 | ||
|---|---|---|---|
| 001 | 80451 | ||
| 003 | BD-RjUL | ||
| 005 | 20230714202708.0 | ||
| 008 | 220928s2013 bg a|||| m||| 00| 0 eng d | ||
| 035 | _a(BD-RjUL)80451 | ||
| 040 |
_aBD-RjUL _beng _cBD-RjUL _dBD-RjUL |
||
| 041 | _aeng | ||
| 082 |
_223 _a595.7609 _bJIE 2013 |
||
| 100 |
_aJilani, Md. Shah Nawoz Kader _95044 |
||
| 245 | 1 | 0 |
_6Supervisors: Md. Wahedul Islam & KAM Shahadat Hossain Mondal _aEffect of Melia Azedarach Linn. and S-Hydroprene on Tribolium Castaneum (HERBST) and Tribolium Confusum Duval / _cby Md. Shah Nawoz Kader Jilani ; |
| 260 |
_aRajshahi : _bInstitute of Biological Sciences, University of Rajshahi, _c2013 |
||
| 300 |
_a[7], vi, 292 leaves : _bill.; _c29 cm. |
||
| 502 | _aThesis (Ph. D.) -- Institute of Biological Sciences, University of Rajshahi,2013 | ||
| 504 | _aLiterature Cited : Leaves 123-176 | ||
| 650 |
_aRed Flour Beetle _xHistoriography _95045 |
||
| 700 |
_aIslam, Md. Wahedul, Supervisors _94316 |
||
| 700 |
_aMondal, KAM Shahadat Hossain, Supervisors _95046 |
||
| 942 |
_2ddc _cTHE |
||
| 999 |
_c80451 _d80451 |
||